000 00486nam a2200169Ia 4500
008 210719s1991 xx 000 0 und d
020 _a0465008672
041 _aeng
082 _a330.122 BERC
100 _aBERGER (Peter L)
245 _aCapitalist revolution: fifty propositions about prosperity equality and liberty.
260 _bBasic Books
_c1991
300 _axxix,262
_bPB
365 _cRs
650 _aEconomic Theory
906 _aCapitalism Prosperity Equality Liberty
999 _c212111
_d212111